| Tag |
First Indicator |
Second Indicator |
Subfields |
| LEADER |
00000pam a2200000 a 4500 |
| 001 |
in00000092585 |
| 005 |
20151008064302.0 |
| 008 |
810804s1981 enk b 00110 eng |
| 010 |
|
|
|a 81011311
|
| 020 |
|
|
|a 0422779008 :
|c $12.95
|
| 020 |
|
|
|z 0422779908 :
|c $12.95
|
| 020 |
|
|
|a 0422779105 (pbk.) :
|c $7.95
|
| 035 |
|
|
|a (OCoLC)07923590
|
| 035 |
|
|
|9 AAK3888AM
|
| 039 |
0 |
|
|a 2
|b 3
|c 3
|d 3
|e 3
|
| 040 |
|
|
|a DLC
|c DLC
|d TXA
|d UtOrBLW
|
| 043 |
|
|
|a e-uk---
|
| 049 |
|
|
|a TXAM
|c [951952]
|
| 050 |
0 |
0 |
|a HV1568
|b .D37 1981
|
| 082 |
0 |
|
|a 305
|2 19
|
| 100 |
1 |
|
|a Dartington, T.
|q (Tim)
|
| 245 |
1 |
2 |
|a A life together :
|b the distribution of attitudes around the disabled /
|c Tim Dartington, Eric Miller, and Geraldine Gwynne.
|
| 264 |
|
1 |
|a London ;
|a New York :
|b Tavistock Publications,
|c 1981.
|
| 300 |
|
|
|a vii, 147 pages ;
|c 23 cm.
|
| 336 |
|
|
|a text
|b txt
|2 rdacontent
|
| 337 |
|
|
|a unmediated
|b n
|2 rdamedia
|
| 338 |
|
|
|a volume
|b nc
|2 rdacarrier
|
| 500 |
|
|
|a Includes indexes.
|
| 504 |
|
|
|a Bibliography: pages 137-139.
|
| 650 |
|
0 |
|a People with disabilities
|x Attitudes.
|
| 650 |
|
0 |
|a People with disabilities
|z Great Britain
|x Social status.
|
| 650 |
|
0 |
|a People with disabilities
|x Public opinion.
|
| 650 |
|
0 |
|a Public opinion
|z Great Britain.
|
| 700 |
1 |
|
|a Miller, E. J.
|q (Eric John)
|
| 700 |
1 |
|
|a Gwynne, G. V.
|q (Geraldine V.)
|
| 999 |
|
|
|a MARS
|
| 999 |
f |
f |
|s d95a4524-048a-3d9d-8257-18a891cb3391
|i 66db648c-eef7-3c7a-ba9a-4065877de85e
|t 0
|
| 952 |
f |
f |
|p ric
|a Texas A&M University
|b Rellis Campus
|c Joint Library Facility
|d Remote Storage
|t 0
|e HV1568 .D37 1981
|h Library of Congress classification
|i unmediated -- volume
|m A14806146063
|
| 998 |
f |
f |
|a HV1568 .D37 1981
|t 0
|l Remote Storage
|